Democratic peacebuilding : (Record no. 10292)

MARC details
000 -LEADER
fixed length control field 00729nam a22002292 4500
001 - CONTROL NUMBER
control field 0000024462
005 - DATE AND TIME OF LATEST TRANSACTION
control field 20151217152302.0
008 - FIXED-LENGTH DATA ELEMENTS--GENERAL INFORMATION
fixed length control field 131217s xx 000 0 eng d
020 ## - INTERNATIONAL STANDARD BOOK NUMBER
International Standard Book Number 0199594955 :
040 ## - CATALOGING SOURCE
Original cataloging agency KABU
Transcribing agency KABU
100 1# - MAIN ENTRY--PERSONAL NAME
Personal name Ponzio, Richard J.
-- 0000184602
245 10 - TITLE STATEMENT
Title Democratic peacebuilding :
Remainder of title aiding Afghanistan and other fragile states /
Statement of responsibility, etc. Richard J. Ponzio.
250 ## - EDITION STATEMENT
Edition statement 1st ed.
260 ## - PUBLICATION, DISTRIBUTION, ETC. (IMPRINT)
Place of publication, distribution, etc. Oxford :
Name of publisher, distributor, etc. O. U. P.,
Date of publication, distribution, etc. 2011.
300 ## - PHYSICAL DESCRIPTION
Extent xiv, 298 p.
650 #0 - SUBJECT ADDED ENTRY--TOPICAL TERM
Topical term or geographic name as entry element Peace-building.
-- 0000166266
650 #0 - SUBJECT ADDED ENTRY--TOPICAL TERM
Topical term or geographic name as entry element Democratization.
-- 0000151301
650 #0 - SUBJECT ADDED ENTRY--TOPICAL TERM
Topical term or geographic name as entry element Peace-building
Geographic subdivision Afghanistan.
-- 0000184603
852 1# - LOCATION
-- p8775 KES
908 ## - PUT COMMAND PARAMETER (RLIN)
Put command parameter 131217
950 ## - LOCAL HOLDINGS (RLIN)
-- 1
Holdings
Withdrawn status Lost status Source of classification or shelving scheme Not for loan Home library Current library Date acquired Total Checkouts Full call number Barcode Date last seen Price effective from Koha item type
    Library of Congress Classification   Kabarak, Main Campus Kabarak, Main Campus 17/12/2015   JZ5538 .P66 2011 c. 1 016247 17/12/2015 17/12/2015 General Collection
Designed with assistance from East African Informatics Ltd